Pays d'Amérique du Nord - Mort Subite - Statistiques

Statistiques générales
  • Ce quiz a été pris 797 fois
    668 depuis la dernière actualisation
  • Le résultat moyen est 18 sur 23
Answers on the Grid
Answers color-coded by a green-red scale on the quiz's grid according to % correct below.
Antigua-et-Barbuda
Bahamas
Barbade
Belize
Canada
Costa Rica
Cuba
Dominique
États-Unis
Grenade
Guatemala
Haïti
Honduras
Jamaïque
Mexique
Nicaragua
Panama
République dominicaine
Saint-Christophe-et-Niévès
Saint-Vincent-et-les-Grenadines
Sainte-Lucie
Salvador
Trinité-et-Tobago
Pérou
Bolivie
Argentine
Équateur
Guyana
Paraguay
Venezuela
Brésil
Uruguay
 
Statistiques - réponses
Réponse % Correct
Canada
87%
États-Unis
87%
Jamaïque
84%
Cuba
83%
Haïti
83%
Mexique
83%
Costa Rica
80%
Panama
80%
République dominicaine
80%
Sainte-Lucie
80%
Antigua-et-Barbuda
79%
Bahamas
79%
Saint-Vincent-et-les-Grenadines
79%
Belize
78%
Dominique
78%
Grenade
78%
Honduras
78%
Nicaragua
78%
Saint-Christophe-et-Niévès
78%
Salvador
78%
Trinité-et-Tobago
78%
Barbade
77%
Guatemala
76%
Aucun quiz correspondant
Distribution des résultats
% des personnes avec chaque résultat
Percentile par nombre de réponses
Votre historique - résultats
Vous n’avez pas pris ce quiz depuis la dernière actualisation